000 00641nam a2200277Ia 4500
005 20260324141444.0
008 008 260324s9999 xx 000 0 eng d
020 _a9780429353703
037 _aEBOOK
040 _aCRL
040 _beng
040 _cCRL
041 _2eng
041 _aeng
084 _qCRL
100 _aFiona Robertson
_91207734
245 0 _aLives of the Great Romantics, Part II
260 _bTaylor and Francis
260 _c1997
365 _a
365 _b720
856 _uhttp://www.taylorfrancis.com/books/9780429353703
942 _cEBOOK
999 _c1811376
_d1811376